Normal view
MARC view
- Gupta, Shards
Entry Personal Name
001 - CONTROL NUMBER
- control field: 7273
003 - CONTROL NUMBER IDENTIFIER
- control field: OSt
005 - DATE AND TIME OF LATEST TRANSACTION
- control field: 20190621122524.0
008 - FIXED-LENGTH DATA ELEMENTS
- fixed length control field: 190621|| aca||aabn | a|a d
040 ## - CATALOGING SOURCE
- Original cataloging agency: OSt
- Transcribing agency: OSt
100 ## - HEADING--PERSONAL NAME
- Personal name: Gupta, Shards
670 ## - SOURCE DATA FOUND
- Source citation: Work cat.: (OSt)11565: Gupta .Shards , Home Science Class-9, 2018